Zvieratá knižka s okienkami

Bibliographic Details
Other Authors: Hogan, Martina (Illustrator), Madarásová, Jitka (Translator)
Format: Book
Language:Slovak
English
PhysicalDescription:12 nečíslovaných strán farebné ilustrácie 13 cm
Published: Bratislava Svojtka & Co. 2023
ISBN:9788056710692
Edition:Prvé slovenské vydanie
Subjects:

MARC

LEADER 00000nam a2200000 4500
001 vtls012229384
003 SK-MaSNL
005 20260331212422.0
008 230511s2023 xo a a 000 u slo
015 |a SNBA2023/05 
020 |a 9788056710692  |q (viazané) 
040 |a SNK  |b slo  |c SNK  |e rda 
041 1 |a slo  |h eng 
044 |a xo  |c SK 
072 7 |a 821-93  |x Literatúra pre deti a mládež (beletria)  |2 konspekt 
080 |a 821-93  |2 2011 
080 |a 592/599  |2 2011 
080 |a (0.025.2)  |2 2011 
100 1 |a Hogan, Martina  |4 ill  |9 466329 
240 1 0 |a Babies love animals  |l Slovensky 
245 1 0 |a Zvieratá  |b knižka s okienkami  |c ilustrovala Martina Hogan ; preklad a redakcia Jitka Madarásová 
246 3 3 |a Bábätká milujú zvieratá 
250 |a Prvé slovenské vydanie 
264 1 |a Bratislava  |b Svojtka & Co.  |c 2023 
300 |a 12 nečíslovaných strán  |b farebné ilustrácie  |c 13 cm 
336 |a text  |b txt  |2 rdacontent 
336 |a statický obraz  |b sti  |2 rdacontent 
337 |a bez média  |b n  |2 rdamedia 
338 |a zväzok  |b nc  |2 rdacarrier 
500 |a Kartónové listy s otváracími okienkami 
500 |a V názve pred slovom milujú je obrázok srdca 
500 |a Preložené z angličtiny 
521 8 |a Pre deti od 0 rokov 
650 0 7 |a zvieratá  |2 SNKPH  |9 1091 
650 0 7 |a Animals  |2 SNKPHeng  |9 267568 
655 7 |a leporelá  |2 SNKPH  |9 60414 
655 7 |a publikácie pre deti  |2 SNKPH  |9 70148 
655 7 |a Picture books for children  |2 SNKPHeng  |9 277438 
655 7 |a Publications for children  |2 SNKPHeng  |9 276792 
700 1 |a Madarásová, Jitka  |4 trl  |4 red  |9 207448 
852 |a Slovenská národná knižnica 
919 |a 978-80-567-1069-2 
954 |a ilustrované knihy, leporelá, komiksy cudzojazyčné (svetové)  |2 lita 
958 |a DB 
968 |b ENG 
999 |c 730550  |d 732480 
952 |a SNK  |b SNK  |y PREZ  |7 0  |p 17A1529118  |o snkOSE 5618  |i snk2023/7487  |8 0  |0 0  |1 0  |4 0  |d 2023-05-11  |l 0  |r 2026-02-23 22:27:32  |w 2026-02-23 
952 |a SNK  |b SNK  |y PREZ  |7 0  |p 17A1529119  |o snkOSE 5618 D1  |i snk2023/7488  |8 0  |0 0  |1 0  |4 0  |d 2023-05-11  |l 0  |r 2026-02-23 22:27:32  |w 2026-02-23